| 000 | 00812nam a2200217 4500 | ||
|---|---|---|---|
| 001 | 107075 | ||
| 003 | ES-MaACL | ||
| 005 | 20250822032535.0 | ||
| 007 | t| | ||
| 008 | 061121s1954 sp r ||||1| spa d | ||
| 100 | 1 |
_aMorgan, Clifford T. _983511 |
|
| 245 | 1 | 0 |
_aPsicología fisiológica / _cClifford T. Morgan, Elliot Stellar ; traducción española de Carmen Castro de Zubiri, hecha sobre la tercera edición inglesa de 1950. |
| 260 |
_aMadrid : _bInstituto de Estudios Políticos, _c1954. |
||
| 300 |
_a719 p. : _bil. ; _c26 cm. |
||
| 650 | 0 | 7 |
_aPsicología fisiológica _2embne _916565 |
| 700 | 1 |
_aStellar, Elliot. _9108075 |
|
| 700 | 1 |
_aCastro de Zubiri, Carmen. _936917 |
|
| 710 | 2 |
_aInstituto de Estudios Políticos (Madrid) _94924 |
|
| 852 |
_aES-MaACL _jE-1411 |
||
| 999 |
_c107075 _d107075 |
||